Načítá se...
Civil disobedience and non violence /
| Hlavní autor: | |
|---|---|
| Médium: | Printed Book |
| Jazyk: | English |
| Vydáno: |
Peter Owen,
1967.
|
| LEADER | 00425nam a2200121Ia 4500 | ||
|---|---|---|---|
| 008 | 150624b xxu||||| |||| 00| 0 eng d | ||
| 082 | |a 320.5 | ||
| 100 | |a Tolstoy, Leo | ||
| 245 | |a Civil disobedience and non violence / |c Leo Tolstoy | ||
| 260 | |b Peter Owen, |c 1967. | ||
| 942 | |c BK | ||
| 999 | |c 5206 |d 5206 | ||
| 952 | |0 0 |1 0 |4 0 |6 320_500000000000000_TOL_C |7 0 |9 5205 |a UL |b UL |c ST2 |d 1998-08-28 |l 3 |o 320.5 TOL/C |p 9154 |r 2018-02-21 |s 2018-02-21 |w 2012-10-27 |y BK | ||